000 00652nam a2200253Ia 4500
003 OSt
005 20221005130959.0
006 a|||||r|||| 00| 0
007 ta
008 221004b |||||||| |||| 00| 0 san d
024 _a61685
037 _cTextual
040 _aCRL
_cCRL
_bsan
041 _2san
_asan
082 _aR693x8:1, 15J0
100 _aSuri Vadibha Singh
_9638949
245 0 _aSayadavadasiddhi
260 _c1950
300 _avp
_ccm.
490 _a(Manikchander Digamber Jain Granthmala,44)
650 _aPHILOSOPHY
942 _hR693x8:1, 15J0
_cTEXL
_2cc
999 _c1059000
_d1059000